|
|
|
|
| LEADER |
01557nam a2200337 u 4500 |
| 001 |
10001659 |
| 003 |
upatras |
| 005 |
20231101063221.0 |
| 008 |
881025s1991 us eng |
| 020 |
|
|
|a 0878932453
|
| 040 |
|
|
|a GR-PaULI
|c GR-PaULI
|
| 041 |
0 |
|
|a eng
|
| 082 |
0 |
4 |
|a 571.81
|
| 100 |
1 |
|
|a Gilbert, Scott F.
|d 1949-
|9 10828
|
| 245 |
1 |
0 |
|a Developmental biology
|c Scott F. Gilbert
|
| 250 |
|
|
|a 3rd ed.
|
| 260 |
|
|
|a Sunderland, Ma.
|b Sinauer Associates
|c 1991
|
| 300 |
|
|
|a xx, 891 p.
|b fig.
|c 29 cm.
|
| 504 |
|
|
|a Includes bibliography and index
|
| 650 |
|
4 |
|a Εμβρυολογία
|9 30024
|
| 650 |
|
4 |
|a Γενετική
|x Ζώα
|9 105645
|
| 650 |
|
0 |
|a Εξέλιξη (Βιολογία)
|9 2182
|
| 852 |
|
|
|a GR-PaULI
|b ΠΑΤΡΑ
|b ΒΚΠ
|b ΒΣ1
|k ΑΣΧΞ
|h 571.8 G
|m 10836
|p 025000005286
|t 1
|
| 852 |
|
|
|a GR-PaULI
|b ΠΑΤΡΑ
|b ΒΚΠ
|b ΒΣ1
|k ΑΣΧΞ
|h 571.8 G
|m 12704
|p 025000005285
|t 2
|
| 852 |
|
|
|a GR-PaULI
|b ΠΑΤΡΑ
|b ΒΚΠ
|b ΒΣ1
|k ΑΣΧΞ
|h 571.8 GIL
|m 103057
|p 025000007102
|t 3
|
| 942 |
|
|
|2 ddc
|c BK15
|
| 952 |
|
|
|0 0
|1 0
|4 0
|6 571_800000000000000_G
|7 0
|9 111974
|a LISP
|b LISP
|c BSC
|d 2016-04-24
|i 10836
|l 0
|o 571.8 G
|p 025000005286
|r 2016-04-24 00:00:00
|t 1
|w 2016-04-24
|y BK15
|
| 952 |
|
|
|0 0
|1 0
|4 0
|6 571_800000000000000_G
|7 0
|9 111975
|a LISP
|b LISP
|c BSC
|d 2016-04-24
|i 12704
|l 0
|o 571.8 G
|p 025000005285
|r 2016-04-24 00:00:00
|t 2
|w 2016-04-24
|y BK15
|
| 952 |
|
|
|0 0
|1 0
|4 0
|6 571_800000000000000_GIL
|7 0
|9 111976
|a LISP
|b LISP
|c BSC
|d 2016-04-24
|i 103057
|l 0
|o 571.8 GIL
|p 025000007102
|r 2016-04-24 00:00:00
|t 3
|w 2016-04-24
|y BK15
|
| 998 |
|
|
|c ΑΒΑΚΟΜΙΔΗ
|d 2010-07
|
| 999 |
|
|
|c 74858
|d 74858
|